[Event "Mazowiec-chT op 1718"]
[Site "Warsaw"]
[Date "2017.12.03"]
[Round "1.17"]
[White "Parczewski, Janusz"]
[Black "Golecki, Jan"]
[Result "0-1"]
[WhiteElo "1883"]
[BlackElo "1774"]
[PlyCount "115"]
[EventDate "2017.12.03"]
[EventType "team-swiss"]
[EventRounds "10"]
[EventCountry "POL"]
[SourceTitle "EXT 2020"]
[Source "ChessBase"]
[SourceDate "2019.10.17"]
[SourceVersion "1"]
[SourceVersionDate "2019.10.17"]
[SourceQuality "1"]

1. g3 e5 2. Bg2 Bc5 3. c4 f5 4. Nc3 a6 5. e3 Nf6 6. d4 exd4 7. exd4 Bb4 8. Nge2 0-0 9. 0-0 c6 10. Bg5 d6 11. Qb3 Ba5 12. Rad1 Kh8 13. d5 c5 14. Qc2 Qe8 15. Bf4 Bc7 16. Rfe1 Qh5 17. f3 g5 18. Bc1 Qg6 19. b3 Nbd7 20. Qd2 h6 21. Bb2 b6 22. Na4 b5 23. Nac3 bxc4 24. bxc4 Ne5 25. Ba1 Nxc4 26. Qc1 Nb6 27. Nb1 Bd8 28. Na3 Kh7 29. Nc4 Nxc4 30. Qxc4 Bd7 31. a4 Ba5 32. Nc3 Bb4 33. Re7+ Rf7 34. Rde1 Qg7 35. R7e3 a5 36. R1e2 Rg8 37. Nb5 Qf8 38. Bxf6 Rxf6 39. Re7+ Rg7 40. R7e3 f4 41. Re4 fxg3 42. hxg3 h5 43. Nc7 Rf5 44. Ne6 Bxe6 45. Rxe6 Rgf7 46. f4 Kg7 47. Re8 Qxe8 48. Rxe8 gxf4 49. gxf4 Rxf4 50. Re4 Rf2 51. Qd3 c4 52. Qg3+ Kf8 53. Qxf2 Bc5 54. Qxc5 dxc5 55. Rxc4 Rc7 56. Bh3 Ke7 57. Be6 Kd6 58. Kf2 0-1

[Event "Mazowiec-chT 1314"]
[Site "Poland"]
[Date "2014.03.09"]
[Round "10.3"]
[White "Parczewski, Janusz"]
[Black "Mietek, Lukasz"]
[Result "0-1"]
[WhiteElo "1950"]
[BlackElo "1917"]
[PlyCount "68"]
[EventDate "2014.01.12"]
[EventType "team-tourn"]
[EventRounds "10"]
[EventCountry "POL"]
[SourceTitle "EXT 2019"]
[Source "ChessBase"]
[SourceDate "2018.10.10"]
[SourceVersion "1"]
[SourceVersionDate "2018.10.10"]
[SourceQuality "1"]

1. Nf3 d5 2. c4 c6 3. e3 Nf6 4. Be2 e6 5. b3 Bd6 6. Bb2 Nbd7 7. 0-0 e5 8. cxd5 cxd5 9. d3 0-0 10. Nbd2 b6 11. Rc1 Bb7 12. Qc2 Rc8 13. Qb1 Qe7 14. Rfe1 Bb4 15. Red1 Ba6 16. Bf1 Bd6 17. Qa1 Rfe8 18. d4 Bxf1 19. dxe5 Bxg2 20. exd6 Qe6 21. Kxg2 Qg4+ 22. Kf1 Qh3+ 23. Ke2 Nh5 24. Rg1 g6 25. Rxc8 Rxc8 26. Qf1 Qe6 27. Nd4 Qxd6 28. Qh3 Nhf6 29. Nf5 Qb4 30. Nh6+ Kf8 31. a3 Qb5+ 32. Kd1 Qd3 33. Bxf6 Rc2 34. Bc3 Qxc3 0-1

[Event "Mazowiec-chT 1314"]
[Site "Poland"]
[Date "2014.02.09"]
[Round "7.23"]
[White "Sentowski, Sebastian"]
[Black "Parczewski, Janusz"]
[Result "1/2-1/2"]
[WhiteElo "1554"]
[BlackElo "1950"]
[PlyCount "46"]
[EventDate "2014.01.12"]
[EventType "team-tourn"]
[EventRounds "10"]
[EventCountry "POL"]
[SourceTitle "EXT 2019"]
[Source "ChessBase"]
[SourceDate "2018.10.10"]
[SourceVersion "1"]
[SourceVersionDate "2018.10.10"]
[SourceQuality "1"]

1. d4 e6 2. c4 Nf6 3. Nc3 b6 4. Bg5 Bb7 5. e3 Be7 6. Nf3 0-0 7. Be2 d6 8. 0-0 Nbd7 9. Nd2 c5 10. Bf3 Qc8 11. Bxb7 Qxb7 12. Qf3 Qc8 13. b3 d5 14. dxc5 Nxc5 15. cxd5 Nxd5 16. Bxe7 Nxe7 17. Nce4 Nd3 18. Rfd1 f5 19. Nd6 Qc3 20. N2c4 Ne5 21. Qb7 Nxc4 22. Qxe7 Nxd6 23. Qxd6 Qf6 1/2-1/2

[Event "Mazowiec-chT 1314"]
[Site "Poland"]
[Date "2014.01.12"]
[Round "1.14"]
[White "Laszczak, Przemyslaw"]
[Black "Parczewski, Janusz"]
[Result "1/2-1/2"]
[WhiteElo "1579"]
[BlackElo "1950"]
[PlyCount "43"]
[EventDate "2014.01.12"]
[EventType "team-tourn"]
[EventRounds "10"]
[EventCountry "POL"]
[SourceTitle "EXT 2019"]
[Source "ChessBase"]
[SourceDate "2018.10.10"]
[SourceVersion "1"]
[SourceVersionDate "2018.10.10"]
[SourceQuality "1"]

1. d4 e6 2. c4 d5 3. Nc3 c6 4. e3 f5 5. Nf3 Nf6 6. Bd3 Bd6 7. Qe2 0-0 8. 0-0 Ne4 9. Bd2 Nd7 10. a3 Qe7 11. Rfb1 Ndf6 12. Ne5 Bd7 13. f3 Nxd2 14. Qxd2 Rab8 15. b4 Bc8 16. b5 Qc7 17. f4 Nd7 18. Rc1 Nf6 19. Qd1 c5 20. Na4 cxd4 21. exd4 Qe7 22. c5 1/2-1/2

[Event "Mazowiec-chT 1213"]
[Site "Poland"]
[Date "2013.02.24"]
[Round "10.4"]
[White "Koziol, Pawel"]
[Black "Parczewski, Janusz"]
[Result "1/2-1/2"]
[WhiteElo "1884"]
[BlackElo "1953"]
[PlyCount "63"]
[EventDate "2013.01.13"]
[EventType "team-tourn"]
[EventRounds "10"]
[EventCountry "POL"]
[SourceTitle "EXT 2019"]
[Source "ChessBase"]
[SourceDate "2018.10.10"]
[SourceVersion "1"]
[SourceVersionDate "2018.10.10"]
[SourceQuality "1"]

1. Nf3 d5 2. g3 Nd7 3. Bg2 e5 4. d3 Ngf6 5. 0-0 Bd6 6. Nbd2 0-0 7. e4 c6 8. c3 Re8 9. Qc2 Nf8 10. b3 Bg4 11. h3 Bd7 12. Bb2 Qe7 13. Rfe1 dxe4 14. dxe4 b5 15. Nh4 g6 16. Ndf3 Nh5 17. Rad1 Rad8 18. Bc1 Bc5 19. Kh2 f6 20. Qe2 Be6 21. Bf1 Rxd1 22. Rxd1 Rd8 23. Rxd8 Qxd8 24. Ne1 Qe7 25. Nd3 Bd6 26. Be3 c5 27. Nb2 a6 28. a4 Bd7 29. Qd2 Bc6 30. Bd3 Ne6 31. Bc2 Nhg7 32. Qd1 1/2-1/2

[Event "Mazowiec-chT 0910"]
[Site "Mazowsze"]
[Date "2010.04.25"]
[Round "10.6"]
[White "Parczewski, Janusz"]
[Black "Szwaj, Jacek"]
[Result "1-0"]
[WhiteElo "2007"]
[BlackElo "1944"]
[PlyCount "131"]
[EventDate "2009.11.29"]
[EventType "team-tourn"]
[EventRounds "11"]
[EventCountry "POL"]
[SourceTitle "EXT 2011"]
[Source "ChessBase"]
[SourceDate "2010.11.26"]
[SourceVersion "1"]
[SourceVersionDate "2010.11.26"]
[SourceQuality "1"]

1. Nf3 Nf6 2. b3 d5 3. Bb2 Bg4 4. Ne5 Bh5 5. g3 Nbd7 6. Bg2 Nxe5 7. Bxe5 e6 8. 0-0 Bd6 9. Bxd6 Qxd6 10. d3 Qe5 11. d4 Qxe2 12. Qc1 0-0 13. Nc3 Qa6 14. Qf4 Rac8 15. Rfc1 c5 16. Bf1 Qa5 17. Nb5 a6 18. Nd6 Rb8 19. c4 cxd4 20. c5 Qc7 21. Qxd4 Rfd8 22. Rc3 Bg6 23. Bg2 Qc6 24. Rd1 b6 25. b4 bxc5 26. bxc5 Nd7 27. Rdc1 f6 28. Bh3 Nxc5 29. Rxc5 Qxd6 30. Rc6 Qe5 31. Bxe6+ Kh8 32. Qd1 d4 33. Bb3 d3 34. Re6 Qd4 35. Re7 d2 36. Rcc7 Rbc8 37. Rxg7 Rxc7 38. Rxc7 Qe5 39. Ra7 Qe1+ 40. Kg2 Qe4+ 41. f3 Qe3 42. Rxa6 Re8 43. Rd6 Bd3 44. Rxf6 Qd4 45. Rf4 Qc3 46. Rg4 h5 47. Re4 Bxe4 48. fxe4 Re5 49. Qf3 Qc6 50. Qf8+ Kh7 51. Bg8+ Kg6 52. Qf7+ Kh6 53. Qh7+ Kg5 54. Qg7+ Qg6 55. Qxe5+ Kh6 56. Qh8+ Kg5 57. Qe5+ Kh6 58. Bb3 Qc6 59. h4 Qb7 60. Qg5+ Kh7 61. Qxh5+ Kg7 62. Qg5+ Kh7 63. Qf5+ Kg7 64. h5 Qxb3 65. Qg4+ Kf6 66. axb3 1-0

[Event "Mazowiec-chT 0910"]
[Site "Mazowsze"]
[Date "2009.11.29"]
[Round "1.1"]
[White "Parczewski, Janusz"]
[Black "Sokolowski, Krzysztof"]
[Result "0-1"]
[WhiteElo "2007"]
[BlackElo "2047"]
[PlyCount "84"]
[EventDate "2009.11.29"]
[EventType "team-tourn"]
[EventRounds "11"]
[EventCountry "POL"]
[SourceTitle "EXT 2011"]
[Source "ChessBase"]
[SourceDate "2010.11.26"]
[SourceVersion "1"]
[SourceVersionDate "2010.11.26"]
[SourceQuality "1"]

1. Nf3 Nf6 2. b3 c5 3. Bb2 Nc6 4. e3 d5 5. Bb5 Bd7 6. 0-0 e6 7. d3 Bd6 8. Nbd2 0-0 9. Bxc6 Bxc6 10. Ne5 Re8 11. f4 Nd7 12. Ndf3 f6 13. Nxc6 bxc6 14. c4 a5 15. Rc1 Qb6 16. Qd2 a4 17. Bc3 axb3 18. axb3 Ra3 19. Qc2 Qxb3 20. Qe2 Rea8 21. Nd2 Qb8 22. Qg4 Qe8 23. Rf3 e5 24. Rg3 Bf8 25. fxe5 Nxe5 26. Qf5 Kh8 27. cxd5 cxd5 28. d4 cxd4 29. exd4 Ng6 30. Rf1 Rc8 31. Nb1 Rb3 32. Qxd5 Rcb8 33. Nd2 R3b5 34. Qf3 Bd6 35. Rg4 f5 36. Rg5 Nh4 37. Qh3 h6 38. Nc4 hxg5 39. Nxd6 Qe2 40. Re1 Rb1 41. Qg3 Rxe1+ 42. Qxe1 Qxg2# 0-1

[Event "Mazowiec-chT op"]
[Site "Mazowsze"]
[Date "2009.05.17"]
[Round "10"]
[White "Kozerski, Zbigniew"]
[Black "Parczewski, Janusz"]
[Result "1/2-1/2"]
[WhiteElo "1957"]
[BlackElo "2023"]
[PlyCount "59"]
[EventDate "2009.01.11"]
[EventType "team-tourn"]
[EventRounds "10"]
[EventCountry "POL"]
[SourceTitle "EXT 2013"]
[Source "ChessBase"]
[SourceDate "2012.11.22"]
[SourceVersion "1"]
[SourceVersionDate "2012.11.22"]
[SourceQuality "1"]

1. e4 e6 2. d4 d5 3. exd5 exd5 4. Bd3 Bd6 5. Nc3 Ne7 6. Qf3 0-0 7. Nge2 Nbc6 8. Nb5 Be6 9. Nxd6 Qxd6 10. c3 Ng6 11. 0-0 Rae8 12. Bf4 Nxf4 13. Nxf4 Re7 14. Rfe1 Rfe8 15. Re3 Nd8 16. Rae1 c6 17. Qh5 g6 18. Qg5 f5 19. g3 Rf8 20. h4 Nf7 21. Qf6 Nd8 22. Qe5 Qxe5 23. Rxe5 Rfe8 24. c4 dxc4 25. Bxc4 Kf7 26. Nxe6 Nxe6 27. d5 cxd5 28. Bxd5 Kf6 29. f4 b6 30. Kf2 1/2-1/2

[Event "Warsaw Najdorf Memorial op-A"]
[Site "Warsaw"]
[Date "2008.08.06"]
[Round "5"]
[White "Parczewski, Janusz"]
[Black "Wickstrom, Lucas"]
[Result "0-1"]
[WhiteElo "2031"]
[BlackElo "2139"]
[PlyCount "76"]
[EventDate "2008.08.02"]
[EventType "swiss"]
[EventRounds "9"]
[EventCountry "POL"]
[SourceTitle "CBM 125 Extra"]
[Source "ChessBase"]
[SourceDate "2008.09.01"]
[SourceVersion "1"]
[SourceVersionDate "2008.09.01"]
[SourceQuality "1"]

1. d4 Nf6 2. c4 e6 3. Nc3 c5 4. d5 exd5 5. cxd5 d6 6. e4 g6 7. f4 Bg7 8. Bb5+ Nbd7 9. e5 dxe5 10. fxe5 Nh5 11. Nf3 0-0 12. Bg5 Qb6 13. Be7 Re8 14. d6 a6 15. Qa4 axb5 16. Qxa8 Nxe5 17. Nxe5 Bxe5 18. 0-0 Bd4+ 19. Kh1 Qc6 20. Rae1 Bh3 21. Qxe8+ Qxe8 22. Ne2 Qc6 23. Rf3 Bg4 24. Nxd4 cxd4 25. Rff1 Bh3 26. Rf3 Nf4 27. d7 Bxg2+ 28. Kg1 Qxd7 29. Rxf4 Bc6 30. Bf6 Qd5 31. Rfe4 Kf8 32. h4 Qf5 33. Be7+ Kg7 34. Rxd4 Qf3 35. Rd2 Qh1+ 36. Kf2 Qg2+ 37. Ke3 Qg3+ 38. Ke2 Qf3# 0-1

[Event "Warsaw Najdorf Memorial op-A"]
[Site "Warsaw"]
[Date "2008.08.05"]
[Round "4"]
[White "Bielecki, Pawel"]
[Black "Parczewski, Janusz"]
[Result "0-1"]
[WhiteElo "2063"]
[BlackElo "2031"]
[PlyCount "89"]
[EventDate "2008.08.02"]
[EventType "swiss"]
[EventRounds "9"]
[EventCountry "POL"]
[SourceTitle "CBM 125 Extra"]
[Source "ChessBase"]
[SourceDate "2008.09.01"]
[SourceVersion "1"]
[SourceVersionDate "2008.09.01"]
[SourceQuality "1"]

1. e4 e6 2. d4 d5 3. e5 c5 4. c3 Nc6 5. Nf3 Qb6 6. a3 c4 7. Nbd2 Na5 8. h4 Bd7 9. g3 Nh6 10. Bh3 Be7 11. 0-0 0-0 12. Re1 Nf5 13. Bxf5 exf5 14. Kg2 Rac8 15. Qe2 Qg6 16. Nf1 Nb3 17. Rb1 Nxc1 18. Rbxc1 f4 19. Qd2 fxg3 20. Nxg3 Qg4 21. h5 Qh3+ 22. Kg1 h6 23. Qf4 g5 24. Qe3 g4 25. Nd2 Bg5 26. Qe2 Bf4 27. Ra1 Bf5 28. Ndf1 Bd3 29. Qd1 Rc6 30. b3 Rfc8 31. bxc4 Bxc4 32. Qb1 Bxf1 33. Nxf1 g3 34. fxg3 Bxg3 35. Re2 Bf4 36. Rg2+ Bg5 37. Qxb7 Qxc3 38. Qb2 Qd3 39. Rg3 Qe4 40. Qb4 Rc4 41. Qd6 Qxd4+ 42. Kh1 R4c6 43. Qe7 Qxa1 44. Rxg5+ hxg5 45. Qxg5+ 0-1

[Event "Warsaw Najdorf Memorial op-A"]
[Site "Warsaw"]
[Date "2008.08.04"]
[Round "3"]
[White "Wypych, Dominik"]
[Black "Parczewski, Janusz"]
[Result "1-0"]
[WhiteElo "2085"]
[BlackElo "2031"]
[PlyCount "79"]
[EventDate "2008.08.02"]
[EventType "swiss"]
[EventRounds "9"]
[EventCountry "POL"]
[SourceTitle "CBM 125 Extra"]
[Source "ChessBase"]
[SourceDate "2008.09.01"]
[SourceVersion "1"]
[SourceVersionDate "2008.09.01"]
[SourceQuality "1"]

1. d4 e6 2. c4 d5 3. Nd2 Nf6 4. Ngf3 c5 5. e3 Nc6 6. dxc5 Bxc5 7. Qc2 Qc7 8. a3 Be7 9. b4 dxc4 10. Qxc4 Qb6 11. Bb2 Bd7 12. Rc1 0-0 13. Bd3 Rac8 14. Qh4 h6 15. 0-0 Nd5 16. Qg3 Bf6 17. Nc4 Qd8 18. Nce5 Nxe5 19. Nxe5 Rxc1 20. Rxc1 Ba4 21. Ng4 Kh8 22. Nxf6 Nxf6 23. Bf1 Qd2 24. Qe5 Rd8 25. h3 Rd5 26. Qc3 Qxc3 27. Bxc3 Ne4 28. Bd4 b6 29. Rc8+ Kh7 30. Bd3 f5 31. f3 Nd6 32. Rd8 e5 33. Bxf5+ Nxf5 34. Rxd5 exd4 35. Rxf5 d3 36. Rd5 Bc2 37. Kf2 Kg6 38. Ke1 Kf6 39. Kd2 Ke6 40. Rxd3 1-0

[Event "Mazowieckie-chT 0405"]
[Site "Poland"]
[Date "2005.02.06"]
[Round "9"]
[White "Dudzik, Leszek"]
[Black "Parczewski, Janusz"]
[Result "1-0"]
[WhiteElo "2000"]
[BlackElo "1800"]
[PlyCount "49"]
[EventDate "2004.10.03"]
[EventType "team-tourn"]
[EventRounds "10"]
[EventCountry "POL"]
[SourceTitle "EXT 2019"]
[Source "ChessBase"]
[SourceDate "2018.10.10"]
[SourceVersion "1"]
[SourceVersionDate "2018.10.10"]
[SourceQuality "1"]

1. e4 e6 2. d4 d5 3. Nc3 dxe4 4. Nxe4 Nd7 5. Nf3 Ngf6 6. Nxf6+ Nxf6 7. Bd3 c5 8. 0-0 cxd4 9. Nxd4 Bc5 10. c3 0-0 11. Bg5 h6 12. Bh4 Kh8 13. Nf3 b6 14. Qe2 Bb7 15. Rad1 Qe7 16. Ne5 g5 17. Bg3 Rad8 18. Bc2 Kg7 19. Nc4 Qe8 20. Rxd8 Qxd8 21. Rd1 Qa8 22. Be5 Bxg2 23. Rd7 Bh1 24. Bxf6+ Kg8 25. Ne3 1-0

[Event "Mazowieckie-chT 0405"]
[Site "Poland"]
[Date "2004.11.21"]
[Round "4"]
[White "Parczewski, Janusz"]
[Black "Mietek, Lukasz"]
[Result "0-1"]
[WhiteElo "1800"]
[BlackElo "1800"]
[PlyCount "120"]
[EventDate "2004.10.03"]
[EventType "team-tourn"]
[EventRounds "10"]
[EventCountry "POL"]
[SourceTitle "EXT 2019"]
[Source "ChessBase"]
[SourceDate "2018.10.10"]
[SourceVersion "1"]
[SourceVersionDate "2018.10.10"]
[SourceQuality "1"]

1. d4 c6 2. c4 d5 3. Nc3 Nf6 4. Nf3 e6 5. Bg5 Be7 6. e3 Qa5 7. Qc2 Nbd7 8. Bd3 dxc4 9. Bxc4 b5 10. Bd3 b4 11. Qa4 Qxa4 12. Nxa4 h6 13. Bh4 0-0 14. 0-0 c5 15. dxc5 Nxc5 16. Nxc5 Bxc5 17. Rac1 Bb6 18. Ne5 g5 19. Bg3 Nh5 20. Be4 Nxg3 21. hxg3 Ba6 22. Bxa8 Bxf1 23. Kxf1 Rxa8 24. Rc4 a5 25. Rc6 Bd8 26. Ke2 f6 27. Ng4 h5 28. Nh2 Kf7 29. Nf3 e5 30. Nd2 Ra7 31. Nc4 Rc7 32. Rxc7+ Bxc7 33. e4 Ke6 34. Kd3 Kd7 35. Ne3 Ke6 36. Nf5 g4 37. Kc4 Bb6 38. f3 Bf2 39. b3 Bb6 40. Kb5 Bd8 41. Kc6 Kf7 42. Kd7 Bb6 43. Nd6+ Kg6 44. Ke6 Bf2 45. Nf5 Be1 46. f4 exf4 47. gxf4 h4 48. Ne3 h3 49. gxh3 gxh3 50. Nf1 Bd2 51. f5+ Kg7 52. e5 Bf4 53. exf6+ Kf8 54. Kd7 h2 55. Nxh2 Bxh2 56. Kc6 Kf7 57. Kb5 Bc7 58. Kc6 Bd8 59. Kd7 Bxf6 60. Kc6 Bd8 0-1